México : reformas pese a un gobierno dividido /

2007 fue el primer año de la presidencia de Felipe Calderón, del Partido Acción Nacional. El nuevo gobierno hizo hincapié en la lucha contra la delincuencia organizada, usando al ejército en vez de la policia civil. Destacan también negociaciones entre presidente y partidos para cambiar tres normas...

Full description

Bibliographic Details
Main Author: Magar, Eric
Other Authors: Romero, Vidal
Format: Libro
Language:Spanish
Published: Santiago, Chile Instituto de Ciencia Política. Pontificia Universidad Católica de Chile 2008
Subjects:

MARC

LEADER 00000cam a2200000 a 4500
001 033167
003 UAHC_CL
005 20170803123613.0
008 071119s2007 cl 000 spa
040 |a UAHC_CL  |c UAHC_CL  |d UAHC_CL 
100 1 |a Magar, Eric 
245 1 0 |a México :  |b reformas pese a un gobierno dividido /  |c Eric Magar, Vidal Romero. 
260 |b Instituto de Ciencia Política. Pontificia Universidad Católica de Chile  |c 2008  |a Santiago, Chile 
300 |a p. 265-285 
500 |a En: Revista de Ciencia Política, vol. 28, n˚1, 2008. p. 265-285. ISSN 01761417. 
520 |a 2007 fue el primer año de la presidencia de Felipe Calderón, del Partido Acción Nacional. El nuevo gobierno hizo hincapié en la lucha contra la delincuencia organizada, usando al ejército en vez de la policia civil. Destacan también negociaciones entre presidente y partidos para cambiar tres normas de importancia: la ley de pensiones de servidores públicos; la creación de nuevos impuestos; y una reforma electoral. 
650 4 |a SEGURIDAD INTERIOR 
650 4 |a IMPUESTOS 
650 4 |a PENSIONES 
650 4 |a REFORMA ELECTORAL 
700 1 |a Romero, Vidal 
900 |a FICTICIO 5912 
942 |c BK 
999 |c 33167  |d 33167